=LDR 00000nam 2200000 4500 =001 INLIS000000000018207 =005 20130612113406 =008 ***********************************Ind** =035 ##$$0010-061300000018207 =041 ##$$a Ind =082 ##$$a 633.72 =090 ##$$a 633.72, Sut t =100 ##$$a Sutejo, R =245 ##$$a Teh, R. Sutejo =260 ##$$a [19...?] $b Jakarta =300 ##$$a 96 hlm, ilus, 21 cm =650 ##$$a Teh =850 ##$$a NBPNMAT